Hydrocarbon Exploration and Production / (Record no. 5146)

MARC details
000 -LEADER
fixed length control field 02937nac a22004091u 4500
008 - FIXED-LENGTH DATA ELEMENTS--GENERAL INFORMATION
fixed length control field 110511t xxu||||| |||| 00| 0 eng d
010 ## - LIBRARY OF CONGRESS CONTROL NUMBER
LC control number 97051982
020 ## - INTERNATIONAL STANDARD BOOK NUMBER
International Standard Book Number 0444829210 (v.46)
020 ## - INTERNATIONAL STANDARD BOOK NUMBER
International Standard Book Number 9780444829214(v.46)
020 ## - INTERNATIONAL STANDARD BOOK NUMBER
International Standard Book Number 0444532366(v.55)
020 ## - INTERNATIONAL STANDARD BOOK NUMBER
International Standard Book Number 9780444532367(v.55)
082 00 - DEWEY DECIMAL CLASSIFICATION NUMBER
Classification number 622.1828
Item number JAH
100 ## - MAIN ENTRY--PERSONAL NAME
Personal name Jahn, Frank.
9 (RLIN) 23771
245 10 - TITLE STATEMENT
Title Hydrocarbon Exploration and Production /
Statement of responsibility, etc Frank Jahn, Mark Cook & Mark Graham.
260 ## - PUBLICATION, DISTRIBUTION, ETC. (IMPRINT)
Place of publication, distribution, etc Amsterdam ;
-- New York :
Name of publisher, distributor, etc Elsevier, 1998-2008
Date of publication, distribution, etc 1998-2008
300 ## - PHYSICAL DESCRIPTION
Extent 2 v. :
Other physical details ill. ;
Dimensions 25 cm.
490 ## - Series Statement
-- 23772
Series statement Developments in petroleum science ;
Volume/sequential designation 46; 55
504 ## - BIBLIOGRAPHY, ETC. NOTE
Bibliography, etc Includes bibliographical references and index.
650 #0 - SUBJECT ADDED ENTRY--TOPICAL TERM
Topical term or geographic name as entry element Petroleum
General subdivision Prospecting.
9 (RLIN) 23773
650 #0 - SUBJECT ADDED ENTRY--TOPICAL TERM
Topical term or geographic name as entry element Oil fields
General subdivision Production methods.
9 (RLIN) 23774
653 ## - INDEX TERM--UNCONTROLLED
Resource For college
Arrived date list May2011
700 1# - ADDED ENTRY--PERSONAL NAME
Personal name Cook, Mark.
9 (RLIN) 23775
700 1# - ADDED ENTRY--PERSONAL NAME
Personal name Graham, Mark.
9 (RLIN) 23776
942 ## - ADDED ENTRY ELEMENTS (KOHA)
Item type Book - Borrowing
Call number prefix 622.1828 JAH
Source of classification or shelving scheme Dewey Decimal Classification
Holdings
Withdrawn status Item status Source of classification or shelving scheme Damaged status Not for loan Vendor Home library Current library Shelving location Date acquired Source of acquisition Cost, normal purchase price Total Checkouts Total Renewals Full call number Barcode Date last seen Date last borrowed Cost, replacement price Koha item type Materials specified (bound volume or other part) Serial Enumeration / chronology Public note
    Dewey Decimal Classification       Central Library Central Library First floor 18/10/2007   370.00 9 6 622.1828 JAH 000006391 15/07/2025 13/12/2012 462.50 Book - Borrowing      
            Central Library Central Library First floor 18/10/2007 Purchase 370.00 6 3 622.1828 JAH 000006390 15/07/2025 15/12/2010 462.50 Book - Borrowing      
            Central Library Central Library First floor 18/10/2007 Purchase 370.00 6 13 622.1828 JAH 000006389 15/07/2025 02/12/2014 462.50 Book - Borrowing      
  Lost         Central Library Central Library First floor 18/10/2007 Purchase 370.00 2   622.1828 JAH 000006388 12/11/2007   462.50 Book - Borrowing Lost In Inventory_2015-8-23    
            Central Library Central Library First floor 18/10/2007 Purchase 370.00 10 47 622.1828 JAH 000006387 15/07/2025 14/02/2017 462.50 Book - Borrowing      
            Central Library Central Library First floor 18/10/2007 Purchase 370.00 6 13 622.1828 JAH 000006386 15/07/2025 27/09/2018 462.50 Book - Borrowing      
    Dewey Decimal Classification       Central Library Central Library First floor 12/01/2010   370.00 5 60 622.1828 JAH 000019399 15/07/2025 20/10/2015 462.50 Book - Borrowing      
    Dewey Decimal Classification       Central Library Central Library First floor 11/05/2011   370.00 1   622.1828 JAH 000005369 15/07/2025 19/12/2012 462.50 Book - Borrowing      
    Dewey Decimal Classification       Central Library Central Library First floor 11/05/2011   370.00     622.1828 JAH 000002861 15/07/2025   462.50 NB - Book (Non borrowing)      
    Dewey Decimal Classification       Central Library Central Library First floor 11/05/2011   370.00 3 2 622.1828 JAH 000002862 15/07/2025 17/11/2015 462.50 Book - Borrowing      
    Dewey Decimal Classification     Baccah Central Library Central Library First floor 11/05/2011   370.00 3 2 622.1828 JAH 000023537 15/07/2025 21/09/2014 462.50 Book - Borrowing   12088  
    Dewey Decimal Classification     Baccah Central Library Central Library First floor 18/05/2011 Purchase 2944.50 2 8 622.1828 JAH 000056371 15/07/2025 17/12/2022 3680.50 Book - Borrowing   12252 v.55 (Replaced with 000023600)